Effect of humic acid and salicylic acid on morphology and yield of mustard / (Record no. 15255)

MARC details
000 -LEADER
fixed length control field 00899nam a22002417a 4500
003 - CONTROL NUMBER IDENTIFIER
control field BD-DhSAU
005 - DATE AND TIME OF LATEST TRANSACTION
control field 20210920125809.0
008 - FIXED-LENGTH DATA ELEMENTS--GENERAL INFORMATION
fixed length control field 210920b ||||| |||| 00| 0 eng d
040 ## - CATALOGING SOURCE
Original cataloging agency BD-DhSAU
082 ## - DEWEY DECIMAL CLASSIFICATION NUMBER
Edition number 22
Classification number 580
Item number Ak79
100 ## - MAIN ENTRY--PERSONAL NAME
Personal name AKTER, TANZINA
Relator term REGISTRATION NO. : #12-04823
245 ## - TITLE STATEMENT
Title Effect of humic acid and salicylic acid on morphology and yield of mustard /
Remainder of title Ms Thesis
260 ## - PUBLICATION, DISTRIBUTION, ETC. (IMPRINT)
Place of publication, distribution, etc. Department of Agricuture Botany;
Name of publisher, distributor, etc. Sher-e-Bangla Agricultural University, Dhaka-1207;
Date of publication, distribution, etc. 2018
300 ## - PHYSICAL DESCRIPTION
Extent viii. 57p.;
Dimensions 30cm.;
590 ## - Name of Cataloguer
Name of Cataloger nazmul
600 ## - SUBJECT ADDED ENTRY--PERSONAL NAME
Fuller form of name humic acid
610 ## - SUBJECT ADDED ENTRY--CORPORATE NAME
Corporate name or jurisdiction name as entry element salicylic acid
650 ## - SUBJECT ADDED ENTRY--TOPICAL TERM
Topical term or geographic name as entry element morphology and yield of mustard
700 ## - ADDED ENTRY--PERSONAL NAME
Personal name Prof. Dr. Shahnaz Sarkar
Relator term Supervisor
710 ## - ADDED ENTRY--CORPORATE NAME
Corporate name or jurisdiction name as entry element Prof. Dr. Mohammad Mahbub Islam
Relator term Co-Supervisor
856 ## - ELECTRONIC LOCATION AND ACCESS
Uniform Resource Identifier <a href="http://archive.saulibrary.edu.bd:8080/xmlui/handle/123456789/3306">http://archive.saulibrary.edu.bd:8080/xmlui/handle/123456789/3306</a>
Link text Online Access
942 ## - ADDED ENTRY ELEMENTS (KOHA)
Source of classification or shelving scheme Dewey Decimal Classification
Koha item type MS Level Thesis
Holdings
Withdrawn status Lost status Source of classification or shelving scheme Damaged status Not for loan Home library Branch Name Shelving location Date acquired Total Checkouts Full call number Barcode Date last seen Price effective from Koha item type
    Dewey Decimal Classification   Not For Loan SAU Library SAU Library Reference 20/09/2021   580 Ak79 41838 20/09/2021 20/09/2021 MS Level Thesis